Autos: Fiat-Modelle seit 1945 - Statistiken

Allgemein
  • Dieses Quiz wurde 56 mal gespielt
  • Das Durchschnittsergebnis liegt bei 16 aus 48
Antwortstatistiken
Produktionszeitraum Modell % Korrekt
1957-1975, 2007- 500
92%
1991-1999 Cinquecento
92%
1980- Panda/Pandina
84%
1993-2018 Punto
63%
1955-1969, 2023- 600
59%
1998-2009 Seicento
59%
1988-1995, 2015- Tipo
51%
1966-1985 124
49%
1972-1987 126
47%
1999-2010 Multipla
47%
1983-2021 Uno
45%
1969-1983 128
43%
1962-1966 1600 Spider
43%
1969-1977 130
41%
1974-1984 131 Mirafiori
39%
2000- Doblò
39%
1972-1981 132
35%
1995-2001, 2007-2014 Bravo
35%
1971-1987 127
33%
1995-2001 Brava
33%
1967-1972 125
31%
1974-1981 133
27%
1995-2005 Barchetta
24%
1985-1996, 2005-2010 Croma
24%
2011-2016 Freemont
24%
1978-1988 Ritmo
24%
1959-1968 1800
22%
1966-1972 Dino
22%
1961-1967, 1963-1968 1500
20%
1994-2000 Coupé
20%
2001-2008 Stilo
20%
1990-1996 Tempra
20%
1994-2011, 2022- Ulysse
20%
1941-1970 1100
18%
1957-1961 1200 Granluce
18%
1952-1958 1900
18%
1964-1973 850
18%
1996-2017 Palio
18%
1983-1990 Regata
18%
1961-1966 1300
16%
1950-1958 1400
16%
1996-2002 Marea
16%
1961-1968 2300
14%
2003-2016 Idea
14%
2006-2014 Sedici
14%
1959-1961 2100
12%
1981-1986 Argenta
10%
2007-2018 Linea
10%
Keine übereinstimmenden Quizze gefunden
Verteilung der Resultate
Anzahl Personen mit jedem Resultat
Perzentil nach korrekt beantworteten Fragen
Ihre Resultats-Entwicklung
Sie haben dieses Quiz noch nicht gespielt